સરળ નાગરિક જીવન ભાગ ત્રીજો સમૂહજીવન : ધોરણ ત્રીજા માટે
Saraḷa nāgarika jīvana Bhāga trījō Samūhajīvana : dhōraṇa trījā māṭē

Gespeichert in:
Bibliographische Detailangaben
1. Verfasser: Nāyaka, Maganalāla Khuśālabhā'ī (VerfasserIn)
Weitere Verfasser: Dēsā'ī, Manubhā'ī Ambēlāla (BerichterstatterIn)
Format: Buch
Sprache:Gujarati
Erschienen: Mumba'i Mahatānī Kampanī ૧૯૭૧ [1971]
Katalog:GEI:  Suchergebnis im Bibliothekskatalog
Schulbuchspezifische Eigenschaften:
Schlagworte:
Tags: Tag hinzufügen
Keine Tags, Fügen Sie den ersten Tag hinzu!
Hinzugefügt zu:12.04.2014
Geändert in:30.03.2013

MARC

LEADER 00000cam a2200000 cc4500
001 782843271
003 DE-627
005 20260121165118.0
007 tu
008 140413s1971 ii ||||| 00| ||guj c
035 |a (DE-627)782843271 
035 |a (DE-599)GBV782843271 
040 |a DE-627  |b ger  |c DE-627  |e rakwb 
041 |a guj 
044 |c XB-IN 
084 |a 30  |2 ssgn 
084 |a f2013:0312  |2 isced 
084 |a f2013:0314  |2 isced 
084 |a p2011:1  |2 isced 
100 1 |6 880-01  |a Nāyaka, Maganalāla Khuśālabhā'ī  |e verfasserin  |4 aut 
242 1 0 |a Das gesellschaftliche Leben, für die dritte Klasse. - Social life, for the third class  |y guj 
245 1 0 |6 880-01  |a Saraḷa nāgarika jīvana  |n Bhāga trījō  |p Samūhajīvana : dhōraṇa trījā māṭē  |c Maganalāla Khuśālabhā'ī Nāyaka; Manubhā'ī Ambēlāla Dēsā'ī 
264 1 |6 880-01  |a Mumba'i  |b Mahatānī Kampanī  |c ૧૯૭૧ [1971] 
300 |a 31, [1] S.  |b Ill. 
336 |a Text  |b txt  |2 rdacontent 
337 |a ohne Hilfsmittel zu benutzen  |b n  |2 rdamedia 
338 |a Band  |b nc  |2 rdacarrier 
546 |a In Gujarati-Schr., Text in Gujarati 
583 1 |a Archivierung prüfen  |c 20240324  |f DE-4165  |z 1  |2 pdager 
655 7 |a Schulbuch  |0 (DE-588)4053458-3  |0 (DE-627)104383704  |0 (DE-576)209103922  |2 gnd-content 
689 0 0 |D s  |0 (DE-588)4055852-6  |0 (DE-627)106156632  |0 (DE-576)209115645  |a Sozialkundeunterricht  |2 gnd 
689 0 1 |D s  |0 (DE-588)4076231-2  |0 (DE-627)106083392  |0 (DE-576)209201266  |a Politischer Unterricht  |2 gnd 
689 0 2 |D s  |0 (DE-588)4022349-8  |0 (DE-627)106309366  |0 (DE-576)208943153  |a Grundschule  |2 gnd 
689 0 3 |D g  |0 (DE-588)4026722-2  |0 (DE-627)104585129  |0 (DE-576)208967699  |a Indien  |2 gnd 
689 0 |5 (DE-627) 
700 1 |6 880-01  |a Dēsā'ī, Manubhā'ī Ambēlāla  |4 oth 
773 1 8 |w (DE-627)782843212  |w (DE-576)9782843210  |g Pt. 3, [Schülerbd.]  |q 3,S.1971  |7 nnam 
880 1 |6 100-01/Gujr  |a નાયક, મગનલાલ ખુશાલભાઈ  |e VerfasserIn  |4 aut 
880 1 0 |6 245-01/Gujr  |a સરળ નાગરિક જીવન  |n ભાગ ત્રીજો  |p સમૂહજીવન : ધોરણ ત્રીજા માટે  |c મગનલાલ ખુશાલભાઈ નાયક; મનુભાઈ અંબેલાલ દેસાઈ 
880 1 |6 264-01/Gujr  |a મુંબઇ  |b મહતાની કંપની  |c ૧૯૭૧ [1971] 
880 1 |6 700-01/Gujr  |a દેસાઈ, મનુભાઈ અંબેલાલ  |4 oth 
912 |a GBV_ILN_216 
912 |a ISIL_DE-Bs78 
912 |a SYSFLAG_1 
912 |a GBV_KXP 
951 |a MV 
980 |2 216  |1 01  |x 3708  |b 1467967947  |c 00  |f --%%--  |d IND S-291(1,71)3  |e u  |j --%%--  |h 082.70.0291.0003.00.1971.001.  |y zsb  |z 31-03-13 
983 |2 216  |1 00  |x DE-Bs78  |8 00  |a l082 
983 |2 216  |1 00  |x DE-Bs78  |8 00  |a z504 
983 |2 216  |1 00  |x DE-Bs78  |8 00  |a dsb 
984 |2 216  |1 01  |x 3708  |a BS78$11766530 
985 |2 216  |1 01  |x 3708  |a 2014/2640 
995 |2 216  |1 01  |x 3708  |a 082.70.0291.0003.00.1971.001.